000 00675nam a22002057a 4500
005 20251108164235.0
008 250721s1986 xx 000 0 ara d
082 1 4 _a327.5811/فضة
100 1 _aفضه، محمد إبراهيم
245 1 0 _aالتدخل السوفيتي في أفغانستان :
_bدراسة جيوسياسية و جيواستراتيجية ... /
264 1 _aعمان :
_bشقير و عكشه،
_c1986.
300 _a211ص
650 1 7 _aالعلاقات الدولية
650 1 7 _aأفغانستان
650 1 7 _aالسياسة
650 1 7 _aالحكومة
650 1 7 _aروسيا الإتحادية
942 _2ddc
_cBK
999 _c7199
_d7199